000
00318 a2200133 4500
020
_a
9695191193
090
_c
5813
_d
5813
100
_a
James Winston Morris
245
_a
The Wisdom of the Throne
260
_a
Lahore
_b
Suhail Academy
_c
2005
300
_a
275 p.
500
_a
Hardcover
942
_a
NBS
_c
BK
_k
297.2 MOR
999
_c
348212
_d
348212